| 000 | 00557nam a2200181Ia 4500 | ||
|---|---|---|---|
| 003 | GCL | ||
| 008 | 140319s9999 xx 000 0 ara d | ||
| 040 |
_aGCL / _cGCL |
||
| 082 | 0 | 4 |
_a418.24 _bو ت |
| 100 | 1 | _aوزارة الثقافة | |
| 245 | 1 | 0 |
_aتعلم العربيةlearn arabic / _cوزارة الثقافة |
| 260 |
_a[S.N] : _bالهيئة المصرية العامة للكتاب ، _c1987 |
||
| 490 | _a | ||
| 650 | 0 | 4 | _aطرق التدريس |
| 650 | 0 | 4 | _aاللغة العربية |
| 650 | 0 | 4 | _aتعليم وتدريس |
| 942 |
_2ddc _cBK |
||
| 999 |
_c29173 _d29173 |
||